Education, literature and Islam: (Record no. 11407)

MARC details
000 -LEADER
fixed length control field 00746 a2200217 4500
010 ## - LIBRARY OF CONGRESS CONTROL NUMBER
LC control number ENG-89810
020 ## - INTERNATIONAL STANDARD BOOK NUMBER
International Standard Book Number 9788175413962
Terms of availability 160.00
035 ## - SYSTEM CONTROL NUMBER
System control number EN-73343
037 ## - SOURCE OF ACQUISITION
Source of stock number/acquisition DBAD / PUB
082 14 - DEWEY DECIMAL CLASSIFICATION NUMBER
Classification number 371.077
090 ## - LOCALLY ASSIGNED LC-TYPE CALL NUMBER (OCLC); LOCAL CALL NUMBER (OCLC)
-- 11736
-- 11736
245 1# - TITLE STATEMENT
Title Education, literature and Islam:
Statement of responsibility, etc edited by Akhtarul Wasey and Farhat Ehsas
Remainder of title writings by Mohammad Mujeeb/
260 ## - PUBLICATION, DISTRIBUTION, ETC. (IMPRINT)
Place of publication, distribution, etc Delhi
Name of publisher, distributor, etc Shipra Publications
Date of publication, distribution, etc 2008
270 ## - ADDRESS
Address 115-A, Vikas Marg, Shakarpur
City Delhi
Postal code 110 092
300 ## - PHYSICAL DESCRIPTION
Extent xiv, 314p.
Dimensions 23 cm ( Pbk.)
500 ## - GENERAL NOTE
General note Includes index
700 ## - ADDED ENTRY--PERSONAL NAME
Personal name Wasey, Akhtarul
700 ## - ADDED ENTRY--PERSONAL NAME
Personal name Ehsas, Farhat
942 ## - ADDED ENTRY ELEMENTS (KOHA)
Institution code [OBSOLETE] dpl
Koha item type English Books
Call number prefix 371.077/ EDU
Holdings
Withdrawn status Lost status Source of classification or shelving scheme Damaged status Not for loan Collection code Home library Current library Source of acquisition Cost, normal purchase price Total Checkouts Full call number Barcode Date last seen Copy number Uniform Resource Identifier Cost, replacement price Price effective from Koha item type
    Dewey Decimal Classification   Not For Loan Non-fiction D.B.Act.Division D.B.Act.Division DBAD/PUB 160.00   371.077 EDU EN-73343 15/09/2008 1 12519 160.00 15/09/2008 English Books

© Delhi Public Library
Hit Counter
free hit counter